LEADER 02404nam 2200541 450 001 9910317807403321 005 20221021144251.0 010 $a1-83881-236-9 010 $a1-78923-419-0 035 $a(CKB)4970000000100010 035 $a(NjHacI)994970000000100010 035 $a(oapen)https://directory.doabooks.org/handle/20.500.12854/48422 035 $a(MiAaPQ)EBC30390215 035 $a(Au-PeEL)EBL30390215 035 $a(EXLCZ)994970000000100010 100 $a20221021d2018 uy 0 101 0 $aeng 135 $aur||||||||||| 181 $ctxt$2rdacontent 182 $cc$2rdamedia 183 $acr$2rdacarrier 200 00$aGenotoxicity $ea predictable risk to our actual world /$fedited by Marcelo L. Larramendy and Sonia Soloneski 205 $a1st ed. 210 $cIntechOpen$d2018 210 1$aLondon, England :$cIntechOpen,$d[2018] 210 4$dİ2018 215 $a1 online resource (122 pages) $cillustrations 311 $a1-78923-418-2 320 $aIncludes bibliographical references. 330 $aThis book is designed to provide an overview of the different genotoxicants and their effects on living organisms, including humans. The contributions made by the specialists in this field of research are gratefully acknowledged. We hope that the information presented in this book will meet the expectations and needs of all those interested in the different aspects of the genotoxicity field. The publication of this book is of great importance to those scientists, pharmacologists, physicians and veterinarians, as well as engineers, teachers, graduate students and administrators of environmental programmes, who make use of these investigations to understand both the basic and applied genotoxic aspects of known and new xenobiotics, and to guide them in their future investigations. 517 $aGenotoxicity 606 $aGenetic toxicology 610 $aToxicology 610 $aToxicology and Pharmaceutical Science 610 $aPharmacology 610 $aToxicogenomics 610 $aHealth Sciences 615 0$aGenetic toxicology. 676 $a616.042 700 $aSonia Soloneski$4auth$01365489 702 $aLarramendy$b Marcelo L. 702 $aSoloneski$b Sonia 801 0$bNjHacI 801 1$bNjHacl 906 $aBOOK 912 $a9910317807403321 996 $aGenotoxicity$93387431 997 $aUNINA